Učebnice stomatologické protetiky : celostátní vysokoškolská učebnice /

Další autoři: Voldřich, Miloš, 1911-1967
Jazyk: Čeština
Vydáno: Praha : Státní zdravotnické nakladatelství, 1955
Vydání: 1. vyd.
Fyzický popis: 739 s.
Knihy
Uloženo v:
LEADER 00833nam a22002292a 4500
001 000419882
003 CZ BrMZK
005 20150522095133.0
007 ta
008 990305s1955 xr f cze d
015 |a cnb000679565 
035 |a (OCoLC)85447724 
040 |a BOA001  |b cze 
245 0 0 |a Učebnice stomatologické protetiky :  |b celostátní vysokoškolská učebnice /  |c Miloš Voldřich ... [et al.] 
250 |a 1. vyd. 
260 |a Praha :  |b Státní zdravotnické nakladatelství,  |c 1955 
300 |a 739 s. 
700 1 |a Voldřich, Miloš,  |d 1911-1967  |7 jk01150470  |4 aut 
910 |a BOA001  |b 2-0350.968 
990 |a BK 
996 7 |b 2619161685  |c 2-0350.968  |l MZK  |r Sklad / do 24 hodin  |n 6  |w 000419882  |u 000010  |a 1  |e BOA001  |j MZK50  |s A 
996 6 |b 2619242389  |c 2-0350.968  |l MZK  |r Sklad / do 24 hodin  |n 7  |w 000419882  |u 000020  |a 1  |e BOA001  |j MZK50  |s P